Heartache On The Big Screen - 5SOS (All) - Statistics

General Stats
  • This quiz has been taken 174 times
  • The average score is 252 of 311
Answer Stats
HOTBS % Correct
a
99%
A
99%
I
97%
the
97%
The
97%
movie
94%
see
94%
This
94%
this
94%
And
93%
and
93%
on?
93%
on
93%
in
91%
screen
91%
big
90%
heartache
90%
is
90%
me
89%
you
88%
out
87%
that
86%
it
85%
tragic
85%
wanna
85%
of
84%
starring
84%
story
84%
ain't
83%
forgot
83%
my
82%
My
82%
I'm
81%
time
81%
end
80%
But
79%
where
79%
now
78%
scene
78%
to
78%
bad
77%
clock
77%
dream
77%
start
77%
ticking
77%
all
76%
going
76%
lines
76%
script
76%
camera's
75%
inside
75%
like
75%
Like
75%
roll
74%
stuck
74%
we're
74%
rolling
73%
Verse 1 Started
73%
started
73%
What's
73%
before
72%
ended
72%
movies
70%
they
70%
Fast
69%
forward
69%
gone
69%
seen
68%
went
68%
wrong
67%
Curtain
66%
Cut
66%
everyone's
66%
one
65%
after
64%
home
64%
ripped
64%
repeat
63%
crowd
60%
roar
60%
Bridge If
59%
could
56%
heard
56%
Pre-Chorus Rewind
56%
Yell
56%
broken
54%
Hollywood
52%
I'd
52%
opened
52%
day
51%
hearted
51%
one's
51%
Back
50%
forgotten
50%
get
50%
won't
48%
acting
46%
fool
46%
just
46%
so
46%
I'll
45%
square
45%
keep
44%
they've
44%
here
42%
stand
42%
closes
41%
As
40%
cliché
40%
yeah
32%
No matching quizzes found
Score Distribution
Percent of People with Each Score
Percentile by Number Answered
Your Score History
You have not taken this quiz